| 000 | 01034nam a22002897a 4500 | ||
|---|---|---|---|
| 001 | 4022 | ||
| 003 | FISKH | ||
| 005 | 20240531103613.0 | ||
| 008 | 240531b cb ||||| |||| 00| 0 eng d | ||
| 020 | _a9781405234962 | ||
| 040 |
_aFISKH _beng _cFISKH _dFISKH |
||
| 082 | _a823.92 | ||
| 100 |
_aAwdry ,Rev. W. _eauthor |
||
| 245 |
_aThomas & Friends : _bAlfie / _cby Awdry, Rev. W. : illustrated by Robin Daves and Jerry Smith |
||
| 250 | _aThis edition published in 2008 | ||
| 260 |
_aLondon : _bEgmont UK Limited ; _c2007 |
||
| 300 |
_a31 unnumbered pages : _bcolor illustrations ; _c15 cm . |
||
| 490 | _a Thomas & Friends | ||
| 505 | _aH | ||
| 520 | _aThis is a story about Alfie the Excavator. Some of The Pack teased him about being small, until he proved that you can be Useful no matter what size you are ... | ||
| 521 | 8 |
_a450
_bLexile estimate |
|
| 521 | 8 |
_aH
_bRaz-Plus |
|
| 650 |
_aThomas the Tank _vFiction |
||
| 700 |
_aDavies , Robin _eillustrator |
||
| 942 |
_2ddc _cBK _n0 |
||
| 999 |
_c4022 _d4022 |
||